Регионална библиотека "Любен Каравелов" - Русе

Избрана библиография 1948-2005 г. (Запис номер 67799)

MARC детайли
000 -Лидер
Контролно поле с фиксирана дължина 01720nam a2200385 c 4500
003 - Код на организацията, давaща контролен номер
Контролно поле BLK
005 - Дата и час на последна редакция
Контролно поле 20180422102932.0
008 - Елементи от данни с фиксирана дължина
fixed length control field 180408b bul|||||r ||||||| ||bul||
010 ## - Наследен системен номер
LC control number KNG00072113000
020 ## - Международен стандартен номер на книга ISBN
Международен стандартен номер на книга ISBN 954-323-176-1
-- издат.: Авангард Прима
040 ## - Източник на каталожния запис
Идентификатор на билиотеката - собственик на записа BLK
041 ## - Код за език
Код за езика на текст/звукозапис или на отделно заглавие Български
Код за езика КДБФ Български
080 ## - УДК
Текстов определител УДК Био-библиографии
УДК код - определител по УДК 016:929
УДК определител
УДК - код + определител 016:929
080 ## - УДК
Текстов определител УДК Българска литература
УДК код - определител по УДК 821.163.2
УДК определител (01)
УДК - код + определител 821.163.2(01)
080 ## - УДК
Текстов определител УДК
УДК код - определител по УДК 929 Прангов, Любен Георгиев
УДК определител
УДК - код + определител 929 Прангов, Любен Георгиев
100 1# - Редна дума - Автор
Автор Любенов, Любен
Авторска отговорност първи автор
Автор - информация (биография) Прангов, Любен Георгиев
R(LIN) 363992
139 ## - Редно поле
Редна дума Прангов, Любен Георгиев
Авторски знак Правилн - П 84
245 10 - Сведения за заглавието
Заглавие Избрана библиография 1948-2005 г.
Редно поле (дума) * Любен Георгиев Прангов; Любен Любенов.
257 ## - Страна на издаване
Страна на създаване/издаване България
260 ## - Област на издателските данни
-- София
Име на издателя, разпространителя и проч. Авангард Прима
Година на издаване 2006
300 ## - Физическа характеристика
Страници 78 с.
Илюстрации и др. с факс.
Размери/Мащаб 21 см
380 ## - Жанр
Жанр Общ отдел
500 ## - Общи забележки
Забележка Кор. загл. Библиография 1948-2003 г.. - Любен Любенов - псевд. на Любен Георгиев Прангов
600 14 - Име на лице, използвано като предмет
За него / За нея Прангов, Любен Георгиев
9 (RLIN) 370782
650 #4 - Допълнително описание по предмет – тема
Основно описание – тема или топоним Писатели, български - библиографии
9 (RLIN) 245019
653 ## - Ключова дума – ненормативна
Ключова дума био-библиографии
653 ## - Ключова дума – ненормативна
Ключова дума български писатели
653 ## - Ключова дума – ненормативна
Ключова дума Любен Прангов
700 1# - Други автори (авторска отговорност)
Лично име Прангов, Любен Георгиев
Автороска отговорност (Описва отношението между автора и произведението) *
9 (RLIN) 370782
852 ## - Местоположение
Форматна сигнатура Цб 231800
856 4# - Електронен адрес и достъп
Електронен формат pdf - файл
Път до файла /url/
856 4# - Електронен адрес и достъп
Електронен формат pdf - файл
Път до файла /url/
942 ## - АРТИКУЛИ
Вид на библиотечния материал Книги
Скрит в OPAC Не
944 ## - СЪЗДАВАНЕ И РЕДАКЦИЯ на ЗАПИСА
Създаване/Редакция Създаване
Дата на регистрацията/редакция 23.02.2007
Служител, извършил регистрацията/редакцията Геновева_Генчева
944 ## - СЪЗДАВАНЕ И РЕДАКЦИЯ на ЗАПИСА
Създаване/Редакция Редакция
Дата на регистрацията/редакция 02.03.2007
Служител, извършил регистрацията/редакцията
999 ## - СИСТЕМНИ КОНТРОЛНИ НОМЕРА
Koha biblionumber 67799
Koha biblioitemnumber 67799
Наличности
Код за отписване Код за изгубен артикул Код за повреда Коз за рестрикции Код за отдаване Артикулен № Име на библиотеката - собственик Име на библиотеката, в която се намира в момента Статус (Текущо местоположение) Дата на вписване в системата Местоположение - отдел Цена в лева Инвентарен номер Систематично азбучна сигнатура Баркод Номер на екземпляра Цена в евро Служебна бележка Служебен тип на артикула
  Не е изгубен Не е повреден без рестрикции ползва се в читалня 111835 Регионална библиотека "Любен Каравелов" Русе Регионална библиотека "Любен Каравелов" Русе Хранилище 2007-02-26 Хранилище 0.00 120000710322 Цб 231800 120000710322 1 0.00 Дост: Dp Вид: Д N: 20 Дата: 26.04.2006 Книги
Vip Innovations Ltd, Rousse, Bulgaria 2025